[Event "Zaragoza op-A"]
[Site "Zaragoza"]
[Date "1995.??.??"]
[Round "8"]
[White "Sion Castro, Marcelino"]
[Black "Fraschini, Mariano"]
[Result "1-0"]
[WhiteElo "2390"]
[BlackElo "2350"]
[PlyCount "63"]
[EventDate "1995.06.??"]
[EventType "swiss"]
[EventRounds "9"]
[EventCountry "ESP"]
[SourceTitle "EXT 1997"]
[Source "ChessBase"]
[SourceDate "1996.11.15"]
[SourceVersion "1"]
[SourceVersionDate "1996.11.15"]
[SourceQuality "1"]

1. e4 c5 2. Nf3 Nc6 3. d4 cxd4 4. Nxd4 e5 5. Nb5 d6 6. a4 Be6 7. N1c3 a6 8. Na3 Rc8 9. Bc4 Be7 10. 0-0 Nf6 11. Bg5 0-0 12. Bxf6 Bxf6 13. Nd5 Bg5 14. c3 Kh8 15. Qe2 Ne7 16. Rfd1 Ng6 17. g3 Qe8 18. Ba2 Rd8 19. a5 Ne7 20. Nc7 Qc6 21. Nxe6 fxe6 22. Bxe6 Rf6 23. Ba2 Rdf8 24. Rf1 Qd7 25. Rad1 Qh3 26. Nc4 Ng6 27. f3 Qh5 28. Nxd6 h6 29. Nf5 Rxf5 30. exf5 Ne7 31. g4 Qh3 32. Qxe5 1-0

[Event "Capablanca Memorial-C"]
[Site "Matanzas"]
[Date "1995.??.??"]
[Round "11"]
[White "Valdes, Luis Enrique"]
[Black "Fraschini, Mariano"]
[Result "1-0"]
[WhiteElo "2340"]
[BlackElo "2350"]
[PlyCount "103"]
[EventDate "1995.05.??"]
[EventType "tourn"]
[EventRounds "13"]
[EventCountry "CUB"]
[EventCategory "4"]
[SourceTitle "EXT 1997"]
[Source "ChessBase"]
[SourceDate "1996.11.15"]
[SourceVersion "1"]
[SourceVersionDate "1996.11.15"]
[SourceQuality "1"]

1. d4 d5 2. c4 c6 3. e3 Nf6 4. Nc3 g6 5. Nf3 Bg7 6. Be2 0-0 7. 0-0 dxc4 8. Bxc4 Bg4 9. h3 Bxf3 10. Qxf3 Nbd7 11. Rd1 e5 12. d5 cxd5 13. Nxd5 Nb6 14. Nxb6 Qxb6 15. e4 Qc6 16. Bd5 Nxd5 17. Rxd5 Qc2 18. Qd3 Rac8 19. Be3 Qxb2 20. Rb1 Qxa2 21. Rxb7 Qc4 22. Rxa7 Qxd3 23. Rxd3 Rfd8 24. Rxd8+ Rxd8 25. g4 h6 26. Kg2 Bf8 27. Ra5 Bg7 28. h4 Bf6 29. Bxh6 Bxh4 30. Rxe5 Bf6 31. Rd5 Re8 32. Kf3 Bg7 33. Be3 Bf6 34. g5 Bc3 35. Rc5 Bb2 36. Rc4 Ra8 37. Kg4 Ra1 38. f4 Ra3 39. Bf2 Rc3 40. Rb4 Rc2 41. Rb8+ Kh7 42. Be3 Re2 43. Bc5 f6 44. gxf6 Bxf6 45. e5 Bg7 46. Be7 Ra2 47. Bf6 Ra7 48. Rd8 Rb7 49. Bg5 Bh6 50. e6 Bxg5 51. Kxg5 Rb5+ 52. Kg4 1-0

[Event "Buenos Aires TB Magistral"]
[Site "Buenos Aires"]
[Date "1994.??.??"]
[Round "2"]
[White "Arencibia Rodriguez, Walter"]
[Black "Fraschini, Mariano"]
[Result "1-0"]
[WhiteElo "2480"]
[BlackElo "2375"]
[PlyCount "53"]
[EventDate "1994.08.23"]
[EventType "tourn"]
[EventRounds "11"]
[EventCountry "ARG"]
[EventCategory "8"]
[SourceTitle "EXT 2005"]
[Source "ChessBase"]
[SourceDate "2004.11.15"]
[SourceVersion "1"]
[SourceVersionDate "2004.11.15"]
[SourceQuality "1"]

1. e4 c5 2. Nf3 Nc6 3. d4 cxd4 4. Nxd4 e5 5. Nb5 d6 6. c4 Be7 7. N1c3 a6 8. Na3 Be6 9. Nc2 Rc8 10. b3 Nf6 11. Bd3 0-0 12. 0-0 Qa5 13. Qd2 Rfd8 14. b4 Qc7 15. Bb2 h6 16. Kh1 Nh5 17. Nd5 Bxd5 18. exd5 Nb8 19. g3 Qd7 20. Ne3 g6 21. Nf5 gxf5 22. Qxh6 Ng7 23. g4 Bf8 24. Rg1 f6 25. gxf5 Kf7 26. Rg6 Kg8 27. Rxf6 1-0

[Event "Montevideo"]
[Site "Montevideo"]
[Date "1994.??.??"]
[Round "8"]
[White "Bauza, Alejandro"]
[Black "Fraschini, Mariano"]
[Result "1-0"]
[WhiteElo "2260"]
[BlackElo "2385"]
[PlyCount "105"]
[EventDate "1994.??.??"]
[EventType "tourn"]
[EventRounds "9"]
[EventCountry "URU"]
[EventCategory "4"]
[SourceTitle "EXT 1997"]
[Source "ChessBase"]
[SourceDate "1996.11.15"]
[SourceVersion "1"]
[SourceVersionDate "1996.11.15"]
[SourceQuality "1"]

1. Nf3 d6 2. d4 f5 3. g3 Nf6 4. Bg2 g6 5. 0-0 Bg7 6. b3 0-0 7. Bb2 a5 8. a4 Qe8 9. Nbd2 Nc6 10. Nc4 h6 11. Nfd2 g5 12. e4 fxe4 13. Nxe4 Qg6 14. Nxf6+ Bxf6 15. Ne3 Nb4 16. Qe2 c6 17. Rad1 Bd7 18. c3 Na6 19. Nc4 Nc7 20. Nb6 Rad8 21. Nxd7 Rxd7 22. d5 c5 23. Rd3 Rdd8 24. Re3 Qg7 25. Rb1 Rf7 26. b4 axb4 27. cxb4 Bxb2 28. Qxb2 Qxb2 29. Rxb2 Na6 30. b5 Nb4 31. Ra3 b6 32. Be4 Ra8 33. Kg2 Ra7 34. Rb1 Rf8 35. Rba1 Kg7 36. h4 Rfa8 37. hxg5 hxg5 38. Rh1 Rxa4 39. Rh7+ Kg8 40. Rf3 Rf8 41. Rxe7 Rxf3 42. Kxf3 Na2 43. Kg4 Kf8 44. Re6 Nc3 45. f3 Nxb5 46. Kxg5 c4 47. Bg6 Ra8 48. Kf6 c3 49. Re7 Rc8 50. Rh7 Kg8 51. Rg7+ Kh8 52. Bf7 Rf8 53. Rg4 1-0

[Event "Havana op"]
[Site "Havana"]
[Date "1994.??.??"]
[Round "2"]
[White "Becerra Rivero, Julio"]
[Black "Fraschini, Mariano"]
[Result "1-0"]
[WhiteElo "2480"]
[BlackElo "2385"]
[PlyCount "133"]
[EventDate "1994.04.??"]
[EventType "swiss"]
[EventRounds "9"]
[EventCountry "CUB"]
[SourceTitle "EXT 1997"]
[Source "ChessBase"]
[SourceDate "1996.11.15"]
[SourceVersion "1"]
[SourceVersionDate "1996.11.15"]
[SourceQuality "1"]

1. e4 c5 2. Nf3 Nc6 3. Bb5 g6 4. Bxc6 dxc6 5. h3 Bg7 6. d3 Nf6 7. Nc3 0-0 8. Be3 b6 9. 0-0 Ne8 10. a4 a5 11. Qd2 e5 12. Bh6 f6 13. Nh2 g5 14. Bxg7 Nxg7 15. Ne2 Nh5 16. Rfd1 Ra7 17. Ng4 Bxg4 18. hxg4 Nf4 19. g3 Qd7 20. f3 Nxe2+ 21. Qxe2 Qd4+ 22. Qf2 Rd7 23. Qxd4 cxd4 24. Kf2 c5 25. Rh1 Rc8 26. b3 Rg7 27. Rh6 Rg6 28. Rh5 Rc7 29. Ke2 Rf7 30. Kd2 Rd7 31. Rf1 Re7 32. Kc1 Kg7 33. Rfh1 Kg8 34. R1h2 Rd7 35. Kb2 Re7 36. Rf2 Kg7 37. Rfh2 Kg8 38. Kc1 Rd7 39. Kd2 Re7 40. Ke2 Reg7 41. Rg2 Kh8 42. Kf2 Kg8 43. Rg1 Kh8 44. f4 gxf4 45. gxf4 exf4 46. Kf3 Rg5 47. Rh6 R7g6 48. Rh4 Kg7 49. Rgh1 h6 50. Kxf4 Kf7 51. Kf3 Kg7 52. R1h3 Kh7 53. Rg3 Kg7 54. Kg2 Kf7 55. Kh3 Ke6 56. Rf3 Ke5 57. Kg3 Ke6 58. Rf5 Kd6 59. Kf3 Ke6 60. Kf4 Kd6 61. Rd5+ Ke7 62. Kf3 Rxd5 63. exd5 Rg5 64. Rh5 Rxh5 65. gxh5 f5 66. Kf4 Kd6 67. Kxf5 1-0